000
00324nam a2200121 a 4500
005
20140414131917.0
008
101019s19uu xx 00 eng d
050
_a
ER
_b
W55 1994
100
_a
Leventhal, Debra
245
_a
What us your language?.
260
_a
New York :
_b
Dutton Children's Books,
_c
1994.
999
_c
111538
_d
111538